000
00326 a2200133 4500
000
nam a22 7a 4500
100
_a
Foote, Ellen
110
_a
Foote, Ellen
245
_a
Sign Languages and Linguistic Citizenship
250
_a
Latest edition
260
_b
Routledge
_c
2021
264
_b
Routledge
_c
2021
942
_c
BK
999
_c
394286
_d
394286